Statistiques concernant Trouve les paroles - Encore et encore - Francis Cabrel

Cliquez ici pour prendre le quiz!

Statistiques générales

  • Ce quiz a été pris 293 fois
  • Le résultat moyen est 228 sur 281

Statistiques - réponses

Réponse% Correct
de
99%
le
99%
début
98%
en
98%
encore
98%
Et
98%
et
98%
que
98%
C'est
97%
d'accord
97%
ça
96%
La
96%
la
96%
à
95%
À
95%
Les
95%
les
95%
qui
95%
continue
94%
se
93%
des
92%
pas
92%
ton
91%
même
90%
Sur
90%
sur
90%
toujours
90%
passé
89%
passe
89%
au
88%
Tu
88%
tu
88%
te
87%
par
86%
seule
86%
ta
86%
fois
84%
film
83%
fond
83%
l'espace
83%
plancher
83%
toute
83%
personne
82%
dans
81%
T'es
81%
lumière
79%
Un
79%
un
79%
chaque
78%
devant
78%
Quelque
78%
chose
77%
nuit
77%
vient
77%
tomber
76%
Comme
75%
comme
75%
trop
75%
74%
du
74%
grands
74%
ne
74%
d'avant
73%
deux
73%
lames
73%
phares
73%
son
71%
Y'a
71%
bruit
70%
mêmes
70%
respires
70%
déchire
69%
parler
68%
plus
68%
penser
67%
portière
67%
assise
66%
terre
66%
plafond
65%
T'as
65%
corps
64%
D'abord
64%
retrouves
64%
bout
63%
endroits
63%
est
63%
Faudrait
63%
pour
63%
séparent
63%
tissu
63%
t'arrives
62%
journée
61%
qu'il
61%
réverbère
61%
larmes
60%
longueur
60%
oiseaux
60%
vos
60%
côté
59%
s'envolent
59%
T'entends
59%
reviendra
58%
défont
57%
d'un
57%
fait
57%
l'autre
57%
lumières
57%
confondre
56%
couples
56%
étoile
56%
éviter
56%
miroirs
56%
bondir
55%
déchaîne
54%
marrer
54%
pôle
54%
D'une
53%
peu
53%
semaines
53%
couloirs
52%
Dis-toi
52%
heures
52%
surtout
52%
l'oublies
51%
parfum
51%
reste
51%
vent
51%
s'allongent
49%
veste
49%
avais
48%
t'arranges
48%
d'après
46%
comptes
45%
L'instant
45%
T'avances
43%
chances
40%
contiue
8%

Distribution des résultats

Percentile par nombre de réponses

% des personnes avec chaque résultat

Votre développement - résultats

Vous n’avez pas pris ce quiz